| 000 | 00559nam a22002051a 4500 | ||
|---|---|---|---|
| 001 | 1452 | ||
| 003 | OSt | ||
| 005 | 20260204211735.0 | ||
| 008 | 040119s1997||||dr ||||||b||||||||||spa|| | ||
| 020 | _a8489535455 | ||
| 050 | _aRD 863.49 S55o | ||
| 082 | _aRD 863.49 S474o | ||
| 100 | _aSención, Viriato | ||
| 245 | _aLos ojos de la montaña / Viriato Sención, presentación: Diógenes Céspedes | ||
| 264 | _aSanto Domingo : Editora de Colores | ||
| 300 | _a184 p. | ||
| 650 | _a1.Novela Dominicana | ||
| 700 | _aCéspedes DiógenesÌ | ||
| 942 |
_2ddc _cBK |
||
| 999 |
_c1452 _d1452 |
||